000 00634cab a2200205 4500
001 WB3413-45
008 090401t1998 xxu||||| |||| 00| 0 eng d
035 _a(Sirsi) u85350
041 _aeng
245 _aRICS welcomes rating proposals
260 _c1998
350 _a0
490 _aRICS Press Release
_vpr40.com 30 March 1998 (1)
520 _aWelcomes government proposals to retain a national non-domestic rate with limited discretion given to local authorities to levy a supplementary rate.
650 _aNON-DOMESTIC RATES
650 _aRICS
690 _aRATING AND VALUATION
942 _n0
948 _c31/03/1998
999 _c53666
_d53666